000 00572nam a22001697a 4500
008 161011b xxu||||| |||| 00| 0 eng d
020 _a0072449969
082 _22002
_aDC 709.02
_bAd1a
100 _915943
_aAdams, Laurie Schneider
245 _aArts across time, Volume 2/
_cLaurie Schneider Adams.
250 _a2nd edition
260 _aBoston:
_bMcGrawHill,
_cc2002.
300 _axiii, 1023 + various paging:
_bcolor illustrations;
_c28 cm.
500 _aIncludes glossary, bibliographical references and indexes.
650 0 _915944
_aArt
_xHistory
942 _2ddc
_cDC
999 _c5122
_d5122